00345nam a2200145Ia 4500008004100000020001500041082001400056100001800070245003100088250000800119260002700127300000800154500002500162650001200187230524s9999 xx 000 0 und d a007049553X a439bBAEI aArthur Beiser 0aConcepts of Modern Physics a6TH aNEW DELHIbT.M.Hc2003 a541 aQuantity Number: 73 aPhysics